000 00310nam a2200121Ia 4500
008 191201s2012 xx 000 0 und d
100 _aCHAHAL, Ramphal
245 0 _aHaryanvi Gadh me Lok Vinod
260 _aN. Delhi
_bHaryana Granth Academy
_c2012
300 _a212
650 _aGeneral Books
942 _2ddc
_cBK
999 _c6717
_d6717